QUEST Central Library Banner

Case Study of Piping System Design and its Maintenance in National Refinery Ltd. (Record no. 58362)

MARC details
000 -LEADER
fixed length control field 00348nam a22001217a 4500
100 ## - MAIN ENTRY--AUTHOR NAME
Personal name Muhammad Zaheer
100 ## - MAIN ENTRY--AUTHOR NAME
Personal name 07ME21
245 ## - TITLE STATEMENT
Title Case Study of Piping System Design and its Maintenance in National Refinery Ltd.
260 ## - PUBLICATION, DISTRIBUTION, ETC. (IMPRINT)
Place of publication Nawabshah:
Name of publisher QUEST,
Year of publication 2007
300 ## - PHYSICAL DESCRIPTION
Number of Pages 105p.
700 ## - ADDED ENTRY--PERSONAL NAME
Personal name Department of Mechanical Engineering
942 ## - ADDED ENTRY ELEMENTS (KOHA)
Koha item type Thesis and Dissertation
Holdings
Withdrawn status Lost status Home library Current library Date acquired Accession Number Koha item type
    Central Library, QUEST, Nawabshah Research Section 19/04/2018 MEP/21-250 Thesis and Dissertation

Copyright © 2018,The QUEST, Nawabshah, Shaheed Benazirabad. All rights reserved
Mr. G. Farooq Channar (Librarian) QUEST, Nawabshah, Sindh, Pakistan 67480.
 Ph#: |   0244-9370381-4 Ext. 2308   Email| lib@quest.edu.pk   Web|  http://www.quest.edu.pk